书目信息 |
| 题名: |
林业推进社会主义新农村建设文件汇编
|
|
| 作者: | ;国家林业局 推进新农村建设工作领导小组办公室 编 | |
| 分册: | ||
| 出版信息: | 北京 中国农业出版社 2007 |
|
| 页数: | 455页 | |
| 开本: | 29cm | |
| 丛书名: | ||
| 单 册: | ||
| 中图分类: | F326.20 | |
| 科图分类: | ||
| 主题词: | 林业经济--经济建设--文件--中国--汇编 , 林业经济 , 经济建设 | |
| 电子资源: | ||
| ISBN: | 978-7-109-11786-0 | |
| 000 | 01098nam0 2200241 45 | |
| 005 | 20100303110700.90 | |
| 010 | @a978-7-109-11786-0@dCNY80.00 | |
| 100 | @a20100121d2007 ekmy0chiy0120 ea | |
| 101 | 0 | @achi |
| 102 | @aCN@b110000 | |
| 105 | @ay zn 000yy | |
| 106 | @ar | |
| 200 | 1 | @a林业推进社会主义新农村建设文件汇编@ALin Ye Tui Jin She Hui Zhu Yi Xin Nong Cun Jian She Wen Jian Hui Bian@f国家林业局推进新农村建设工作领导小组办公室编@FGuo Jia Lin Ye Ju Tui Jin Xin Nong Cun Jian She Gong Zuo Ling Dao Xiao Zu Ban Gong Shi Bian |
| 210 | @a北京@c中国农业出版社@d2007 | |
| 215 | @a455页@d29cm | |
| 330 | @a该文件汇编分三编,分别为:中共中央国务院印发文件、国家有关部委印发文件、各省、自治区、直辖市、新疆建设兵团、森工(林业)集团印发文件等。 | |
| 606 | 0 | @a林业经济@x经济建设@x文件@y中国@x汇编 |
| 606 | 0 | @a林业经济 |
| 606 | 0 | @a经济建设 |
| 690 | @aF326.20@v4 | |
| 711 | 02 | @a国家林业局 推进新农村建设工作领导小组办公室@AGuo Jia Lin Ye Ju Tui Jin Xin Nong Cun Jian She Gong Zuo Ling Dao Xiao Zu Ban Gong Shi@4编 |
| 801 | 0 | @aCN@bTANGWEI@c20100303 |
| 905 | @b0584755-59@dF326.20@e121@f5 | |
| 林业推进社会主义新农村建设文件汇编/国家林业局推进新农村建设工作领导小组办公室编.-北京:中国农业出版社,2007 |
| 455页;29cm |
| ISBN 978-7-109-11786-0:CNY80.00 |
| 该文件汇编分三编,分别为:中共中央国务院印发文件、国家有关部委印发文件、各省、自治区、直辖市、新疆建设兵团、森工(林业)集团印发文件等。 |
| ● |
| 相关链接 |
|
|
|
|
正题名:林业推进社会主义新农村建设文件汇编
索取号:F326.20/121
 
预约/预借
| 序号 | 登录号 | 条形码 | 馆藏地/架位号 | 状态 | 备注 |
| 1 | 0584755 | 205847556 | 第一样本阅览室/ [索取号:F326.20/121] | 在馆 | |
| 2 | 0584756 | 205847565 | 第一借阅区/ [索取号:F326.20/121] | 在馆 | |
| 3 | 0584757 | 205847574 | 第一借阅区/ [索取号:F326.20/121] | 在馆 | |
| 4 | 0584758 | 205847583 | 第一借阅区/ [索取号:F326.20/121] | 在馆 | |
| 5 | 0584759 | 205847592 | 密集书库-海洋学院/ [索取号:F326.20/121] | 在馆 |